000 00433 a2200157 4500
003 OSt
005 20240110141344.0
008 240110b |||||||| |||| 00| 0 eng d
020 _a9789382581413
040 _coclc
082 _a297
_bJIB/V
245 _aVivaahitharakunavarodu /
_cMuhammed Al-Jibali
260 _aKerala:
_bDa'wa books,
_c2014.
300 _a199p
942 _2ddc
_cBK
_h297
_iJIB/V
_k297
_mJIB/V
999 _c43071
_d43071